Islands by Satellite Image #42 - Statistics

General Stats
  • This quiz has been taken 35 times
  • The average score is 5 of 16
Answer Stats
Picture Answer % Correct
Little Diomede Island
75%
Passport Island
50%
Bintan
38%
Kolbeinsey
38%
Merritt Island
38%
Alborán
25%
Bathurst Island
25%
Bozcaada
25%
Clarión
25%
Great Barrier Island
25%
Guimaras
25%
James Ross Island
25%
Læsø
25%
Pratas
25%
Providencia
25%
Puná
25%
No matching quizzes found
Score Distribution
Percent of People with Each Score
Percentile by Number Answered
Your Score History
You have not taken this quiz